000 00671nam a2200193 i 4500
001 156932
003 ES-MaACL
005 20250714080904.0
008 990725s1864 fr |||| | fre d
040 _aAN
_bspa
_cAN
100 1 _aLamartine, Alphonse de,
_d1790-1869
_969776
245 1 0 _aHéloïse et Abélard /
_cpar A. de Lamartine.
260 _aParis :
_bMichel Lévy Frères [etc.],
_c1864.
300 _a215 p. ;
_c16 cm.
490 1 _aCollection Michel Lévy
830 0 0 _aCollection Michel Lévy
_9182425
852 _aES-MaACL
_jD-979
_z-- Rúst.
_x-- Edic.: añadir en T260 (Clichy : Imp. Maurice Loignon et C.)
999 _c156932
_d156932